000 00615nam a22002537a 4500
003 UA-OsUOA
001 24281
007 ta
008 20040212b un ||||| |||| 00| 0 ukr d
100 _aПавлюк І.З.
090 _a72(477)
_bП42
942 _cBK
040 _aUA-OsUOA
_bukr
_cUA-OsUOA
_dUA-OsUOA
245 _aБіографія дерева племені поетів
_bПоезія
300 _a160 с.
955 _a0
041 _aukr
080 _a72(477)
020 _a966-665-086-Х
260 _aЛьвів
_bСполом
_c2003
044 _aUA
650 7 _2UDC
999 _c310548
_d310548